[Event "Heart of Finland op 17th"]
[Site "Jyvaskyla"]
[Date "2007.07.17"]
[Round "4"]
[White "Niemi, Olavi"]
[Black "Nivala, Tuomas"]
[Result "0-1"]
[WhiteElo "2054"]
[BlackElo "2195"]
[PlyCount "122"]
[EventDate "2007.07.16"]
[EventType "swiss"]
[EventRounds "9"]
[EventCountry "FIN"]
[SourceTitle "CBM 119 Extra"]
[Source "ChessBase"]
[SourceDate "2007.09.04"]
[SourceVersion "1"]
[SourceVersionDate "2007.09.04"]
[SourceQuality "1"]

1. e4 Nc6 2. Nf3 f5 3. exf5 d5 4. d4 Bxf5 5. Bb5 Qd6 6. Ne5 Nf6 7. 0-0 Nd7 8. Bxc6 bxc6 9. Bf4 Nxe5 10. Bxe5 Qg6 11. c3 Bc2 12. Qf3 Kd7 13. Qg3 Qxg3 14. hxg3 e6 15. Nd2 a5 16. Rfc1 Bf5 17. c4 Rb8 18. cxd5 exd5 19. Nb3 a4 20. Nc5+ Bxc5 21. Rxc5 Rxb2 22. Ra5 Re8 23. Rxa4 Bc2 24. Ra7 Rxe5 25. dxe5 d4 26. Kf1 Bd3+ 27. Ke1 Re2+ 28. Kd1 Rxf2 29. Rc1 Bg6 30. e6+ Kd6 31. e7 Bh5+ 32. Ke1 Re2+ 33. Kf1 Rxe7 34. Rc2 d3 35. Rc3 Be2+ 36. Ke1 Bg4+ 37. Kd2 Bf5 38. Rxd3+ Bxd3 39. Kxd3 Re1 40. Ra4 c5 41. Rg4 g6 42. Rh4 Rg1 43. Ke4 Rxg2 44. Kf3 Rxa2 45. Rxh7 Ra6 46. Rg7 Kd5 47. Rxc7 Re6 48. g4 c4 49. g5 Rc6 50. Rd7+ Ke6 51. Rd1 c3 52. Ke4 c2 53. Rc1 Rc8 54. Kd3 Kf5 55. Kd2 Kxg5 56. Rg1+ Kf4 57. Kc1 g5 58. Rf1+ Ke5 59. Rg1 Kf5 60. Rf1+ Kg6 61. Rg1 Rc4 0-1